000 00291nam a22001337a 4500
020 _a978-1461277286
041 _aENG
100 _aHanks.R.J
245 _aApplied Soil Physics
260 _aNew York
_bSpringer- Verlag
_c1980
300 _a159
650 _aSWCE
856 _uSWCE ( 24 )
999 _c1835
_d1835